Resultats de les eleccions legislatives a Catalunya : Congrés dels Diputats. 28-X-1982 / Institut Central d'Estadística i Documentació, Equip de Sociologia Electoral (U.A.B.) Congrés dels Diputats. 28-X-1982 / Institut Central d'Estadística i Documentació, Equip de Sociologia Electoral (U.A.B.)
Descripción Física:
584 p. : amb map. ; 22 x 30 cm
MARC
| LEADER | 00000nam a2200000Ia 4500 | ||
|---|---|---|---|
| 001 | 1460 | ||
| 008 | 160829s9999 xx 000 0 cat d | ||
| 080 | |a FOL-1-175 | ||
| 245 | |a Resultats de les eleccions legislatives a Catalunya : |b Congrés dels Diputats. 28-X-1982 / Institut Central d'Estadística i Documentació, Equip de Sociologia Electoral (U.A.B.) | ||
| 260 | |a Barcelona : |b Generalitat de Catalunya. Departament de Governació, DL 1984 | ||
| 300 | |a 584 p. : |b amb map. ; |c 22 x 30 cm | ||
| 610 | 2 | 0 | |a Espanya. |b Cortes Generales. |b Congreso de los Diputados |x Eleccions |y 1982 |9 56503 |
| 650 | |a Eleccions |x Catalunya |x 1982 |9 32982 | ||
| 700 | |a Universitat Autònoma de Barcelona. Equip de Sociologia Electoral |9 32984 | ||
| 710 | |a Catalunya. |b Departament de Governació |9 16938 | ||
| 710 | 2 | |a Institut Central d'Estadística i Documentació (Catalunya) |9 56536 | |
| 901 | |a Arxiu | ||
| 942 | |n 1 | ||
| 952 | |0 0 |1 0 |4 0 |6 FOL1175 |7 1 |9 46164 |a Arxiu |b Arxiu |d 2016-12-01 |l 0 |o FOL-1-175 |p 1460 |r 2016-12-01 00:00:00 |w 2016-12-01 |y ARXIU | ||
| 999 | |c 49666 |d 49666 | ||